Tvorba kinematiky a simulácie 3D modelov v programe TecnoMatix Plant Simulation
Saved in:
| Main Author: | |
|---|---|
| Other Authors: | |
| Format: | Manuscript Book |
| Language: | Slovak |
| Published: |
2021
|
| Subjects: | |
| Online Access: | http://is.stuba.sk/zp/portal_zp.pl?podrobnosti=157982 |
| Tags: |
No Tags, Be the first to tag this record!
|
MARC
| LEADER | 00000ntm a22000003a 4500 | ||
|---|---|---|---|
| 001 | stuzp83860 | ||
| 003 | SK-STU | ||
| 005 | 20210612212230.2 | ||
| 007 | ta | ||
| 008 | 150427s2015----xo-----f-mn---000-0-slo-d | ||
| 040 | |a STU |b slo | ||
| 041 | 0 | |a slo | |
| 100 | 1 | |a Rendeková, Tímea |u 063000 |k Z4 |4 aut |U MTF Materiálovotechnologická fakulta |T MTF Ústav výrobných technológií |X 85641 |U M3000 |Y 83 |7 85641 | |
| 242 | 0 | 1 | |a Kinematics creation and simulation of 3D models in the program TecnoMatix Plant Simulation |y eng |
| 245 | 1 | 0 | |a Tvorba kinematiky a simulácie 3D modelov v programe TecnoMatix Plant Simulation |
| 260 | |c 2021 | ||
| 650 | 4 | |a kinematika |2 slo | |
| 650 | 4 | |a 3D simulácia |2 slo | |
| 650 | 4 | |a metodika |2 slo | |
| 650 | 4 | |a Tecnomatix Plant Simulation |2 slo | |
| 650 | 4 | |a kinematics |2 eng | |
| 650 | 4 | |a 3D simulation |2 eng | |
| 650 | 4 | |a methodology |2 eng | |
| 650 | 4 | |a Tecnomatix Plant Simulation |2 eng | |
| 700 | 1 | |a Delgado Sobrino, Daynier Rolando |u 063800 |k Z2 |4 ths |U MTF Ústav výrobných technológií |T MTF Katedra výrobných zariadení a systémov |X 45485 |U M3800 |Y 660 |7 A000045485 | |
| 856 | 4 | |u http://is.stuba.sk/zp/portal_zp.pl?podrobnosti=157982 | |
| 996 | |c M* DP-14758 |l MMSKP |s P |a 0 |w stuzp83860_0001 | ||